Online Catalogue and eLibrary

The protean life of language : (Record no. 3025)

MARC details
000 -LEADER
fixed length control field 00464nam a2200169Ia 4500
005 - DATE AND TIME OF LATEST TRANSACTION
control field 20240814075445.0
008 - FIXED-LENGTH DATA ELEMENTS--GENERAL INFORMATION
fixed length control field 240331s9999 xx 000 0 und d
020 ## - INTERNATIONAL STANDARD BOOK NUMBER
ISBN 9555800618
082 ## - DDC Classification
Item Number - Author Mark SIR
Class No. 400
100 ## - MAIN ENTRY--PERSONAL NAME
Personal name Siriwardena, R
245 #4 - TITLE STATEMENT
Title The protean life of language :
Remainder of title four studies
260 ## - PUBLICATION, DISTRIBUTION, ETC.
Place of publication, distribution, etc. Colombo
Name of publisher, distributor, etc. International Centre For Ethnic Studies
Date of publication, distribution, etc. 2001
300 ## - PHYSICAL DESCRIPTION
Extent (e.g. Volumes, Pages etc.) xiii, 156 p ., ( c 2)
650 ## - SUBJECT ADDED ENTRY--TOPICAL TERM
Topical term or geographic name entry element Poetic Language
650 ## - SUBJECT ADDED ENTRY--TOPICAL TERM
Topical term or geographic name entry element Sexuality
942 ## - Koha item type (Biblio)
Koha item type Books in Stacks (Lending)
Holdings
Lost status Damaged status Collection code Home library Current library Shelving location Date acquired Full call number Accession Number Item type
    Lending WERC Library WERC Library Social Science Cupboard 03/31/2024 400 SIR 4570 Books in Stacks (Lending)

© WERC Library